00345nam a2200157Ia 45000010006000000050017000060080041000230410008000640820017000721000014000892450031001032600009001343000028001436500008001716540008001791062620260306161846.0260306t1977||||xx |||||||||||||| ||spa|| aESP a944.081bM26 aMarxeAUT 0aLa guerra civil en Francia c1977 a117 páginas :c20 cm. aGEN aCHU